000 00547 a2200229 4500
260 _aParis
630 _a33 - Economie - Economie - Politique
650 _a3 - SCIENCES SOCIALES
100 _aNoinville, Michel J.
260 _bDunod
245 _aLa Coface, la garantie des risques à l'exportation
300 _a199 p
650 _aCommerce extérieur : assurance
260 _c1993
300 _b21 cm
100 _lFr
440 _aEcofi
037 _aDE 9017 DE 9288
020 _a2-10-001945-7
999 _c44934
_d44934